Digitalizáció a munka világában

Bibliográfiai részletek
Szerző: Csikány Árpád
További közreműködők: Csonka Dr. László
Dokumentumtípus: Záródolgozat
Kulcsszavak:Digitalizáció
Automatizáció
4.0 ipari forradalom
Online Access:http://dolgozattar.uni-bge.hu/20536

MARC

LEADER 00000nta a2200000 i 4500
001 dolg20536
005 20200417154346.0
008 190503suuuu hu o 000 hun d
040 |a BGE Dolgozattár Repozitórium  |b hun 
041 |a hu 
100 1 |a Csikány Árpád 
245 1 0 |a Digitalizáció a munka világában  |c Csikány Árpád  |h [elektronikus dokumentum] 
246 1 1 |a Digitalizáció a munka világában 
246 1 1 |a - 
516 |a Final_paper 
520 3 |a - 
695 |a Digitalizáció 
695 |a Automatizáció 
695 |a 4.0 ipari forradalom 
700 1 |a Csonka Dr. László  |e ths 
856 4 0 |u http://dolgozattar.uni-bge.hu/20536/1/Z%C3%A1r%C3%B3dolgozat.pdf  |z Dokumentum-elérés